Vol. 41, № 14; Analytical Chemistry

Podrobná bibliografie
Parent link:Analytical Chemistry/ American Chemical Society. Vol. 41, № 14.— , 1947-1973, 1976-1990, 1993-2002
Shrnutí:В журнале не печатается ряд страниц
Jazyk:angličtina
Vydáno: 1969
Médium: MixedMaterials Kniha
KOHA link:https://koha.lib.tpu.ru/cgi-bin/koha/opac-detail.pl?biblionumber=560148

MARC

LEADER 00000nam2a2200000 4500
001 560148
005 20251110153041.0
035 |a (RuTPU)RU\TPU\prd\255171 
035 |a RU\TPU\prd\255165 
090 |a 560148 
100 |a 20160411d1969 k||y0rusy50 ba 
101 0 |a eng 
102 |a US 
105 |a a z 000yy 
200 0 |a Vol. 41, № 14 
210 |d 1969 
215 |a 308 p. (p. 1A-128A, p. 1921-2140) 
300 |a В журнале не печатается ряд страниц 
320 |a Author Index: p. 2107-2115 
320 |a Subject Index: p. 2116-2138 
461 1 |0 379637  |t Analytical Chemistry  |f American Chemical Society  |v Vol. 41, № 14  |d 1947-1973, 1976-1990, 1993-2002  |9 379637 
517 1 |a Аналитическая химия (аналитикл кемистри) № Т-12 
801 0 |a RU  |b 63413507  |c 20010227  |g PSBO 
801 1 |a RU  |b 63413507  |c 20020228  |g PSBO 
801 2 |a RU  |b 63413507  |c 20190730  |g PSBO 
942 |c CR